Nye-religion: The basics (Record no. 1435020)

MARC details
000 -LEADER
fixed length control field 01463nam a22001937a 4500
005 - DATE AND TIME OF LATEST TRANSACTION
control field 20250830112732.0
008 - FIXED-LENGTH DATA ELEMENTS--GENERAL INFORMATION
fixed length control field 250830b |||||||| |||| 00| 0 eng d
037 ## - SOURCE OF ACQUISITION
Terms of availability Textual
040 ## - CATALOGING SOURCE
Original cataloging agency RTL
Transcribing agency RTL
084 ## - COLON CLASSIFICATION NUMBER
Classification number Y:3(Q), P8
Assigning agency RTL
100 ## - MAIN ENTRY--PERSONAL NAME
Personal name Nye, Malorg
9 (RLIN) 819459
245 ## - TITLE STATEMENT
Title Nye-religion: The basics
250 ## - EDITION STATEMENT
Edition statement 2nd ed
260 ## - PUBLICATION, DISTRIBUTION, ETC.
Place of publication, distribution, etc. London
Name of publisher, distributor, etc. Routledge
Date of publication, distribution, etc. 2008
300 ## - PHYSICAL DESCRIPTION
Extent viii 232 p.
Other physical details Includes bibliographical references and index
520 ## - SUMMARY, ETC.
Summary, etc. From the local to the global level, religion is – more than ever – an important and hotly debated part of modern life in the twenty-first century. From silver rings to ringtones and from clubs to headscarves, we often find the cultural role and discussion of religion in unexpected ways. Now in its second edition, Religion: The Basics remains the best introduction to religion and contemporary culture available. The new edition has been fully revised and updated, and includes new discussions of: the study of religion and culture in the twenty-first century texts, films and rituals cognitive approaches to religion globalization and multiculturalism spirituality in the West popular religion. With new case studies, linking cultural theory to real world religious experience and practice, and guides to further reading, Religion: The Basics is an essential buy for students wanting to get to grips with this hotly debated topic.
650 ## - SUBJECT ADDED ENTRY--TOPICAL TERM
Topical term or geographic name entry element Religion
942 ## - ADDED ENTRY ELEMENTS (KOHA)
Source of classification or shelving scheme Colon Classification (CC)
Koha item type Textual
Classification part Y:3(Q), P8
Suppress in OPAC No
Holdings
Withdrawn status Lost status Source of classification or shelving scheme Damaged status Not for loan Home library Current library Date acquired Total Checkouts Full call number Barcode Date last seen Price effective from Koha item type
    Colon Classification (CC)     Ratan Tata Library Ratan Tata Library 2025-08-30   Y:3(Q), P8 RT1462402 2025-08-30 2025-08-30 Textual
Copyright @ Delhi University Library System